EGOT winners - Statistics

General Stats
  • This quiz has been taken 16 times
  • The average score is 13 of 27
Answer Stats
Emmy year Grammy year
Tony
year
Oscar

year
Type of artist Notable work Winner % Correct
2024 1987 1995 2000 Singer, composer, pianist, producer "Tiny Dancer" Elton John
100%
2002 1986 1991 2002 Comedian, actress, host, producer Sister Act Whoopi Goldberg
94%
1993 1994 1954 1954 Actress Breakfast at Tiffany's Audrey Hepburn
88%
1991 1977 2011 1969 (Academy Honorary Award) Actor and voice actor The Lion King James Earl Jones
81%
1973 1990 (Grammy Legend Award) 1973 1965 Actress and singer Cabaret Liza Minnelli
81%
2018 1980 1997 1980 Composer, producer The Phantom of the Opera Andrew Lloyd Webber
63%
1965 1964 1969 (Special Tony Award) 1970 Actress and singer Hello, Dolly! Barbra Streisand
63%
2021 2009 2007 2022 Singer, actress, producer Dreamgirls Jennifer Hudson
63%
2018 2006 2015 2017 Singer, composer, producer "All of Me" John Legend
63%
2015 2023 2017 2001 Actress, producer Fences Viola Davis
63%
2001 1961 1968 264 Director, comedian The Graduate Mike Nichols
56%
1977 1964 1995 2016 (Jean Hersholt Humanitarian Award) Composer, musician, and producer The Wiz Quincy Jones
56%
1967 1998 1969 2001 Writer, songwriter, actor Young Frankenstein Mel Brooks
50%
1977 1973 1962 1975 Actress, singer West Side Story Rita Moreno
50%
2018 1980 1993 1980 Lyricist, librettist, producer Evita Tim Rice
50%
1960 1961 2014 1954 (Jean Hersholt Humanitarian Award) Activist, actor and singer "Day-O (The Banana Boat Song)" Harry Belafonte
44%
1962 1960 1946 1950 Composer, producer The Sound of Music Richard Rodgers
44%
2008 2012 2014 2004 Songwriter, librettist Frozen Robert Lopez
31%
2020 1991 1990 2012 Composer, producer The Little Mermaid Alan Menken
25%
1953 1977 1932 1947 Actress A Farewell to Arms Helen Hayes
25%
2024 2018 2017 2017 Composer, lyricist, producer The Greatest Showman Benj Pasek
19%
2024 2018 2017 2017 Composer, lyricist, producer La La Land Justin Paul
19%
1995 1974 1974 1976 Composer A Chorus Line Marvin Hamlisch
19%
1991 1979 1982 1961 Actor, director Elizabeth John Gielgud
6%
1982 1988 1978 1997 Orchestrator, music arranger, composer, conductor Sweeney Todd: The Demon Barber of Fleet Street Jonathan Tunick
6%
2023 2023 2019 2022 (Irving G. Thalberg Memorial Award) Director and producer Arachnophobia Frank Marshall
0%
1984 2012 2008 1994 Producer Team America: World Police Scott Rudin
0%
No matching quizzes found
Score Distribution
Percent of People with Each Score
Percentile by Number Answered
Your Score History
You have not taken this quiz